| 000 | 00617nam a2200217 a 4500 | ||
|---|---|---|---|
| 005 | 20240806064039.0 | ||
| 008 | 160406s1991 mx r 000 0 spa d | ||
| 020 | _a8472232964 | ||
| 035 | _aUPN01000209246 | ||
| 049 | _aCG | ||
| 050 | 4 |
_aPS3570 H4 _bCH5.2 |
|
| 100 | 1 |
_aTheroux, Paul, _d1941- _938434 |
|
| 245 | 1 | 0 |
_aChicago loop / _cPaul Theroux ; tr. Daniel Iglesias Kennedy. |
| 260 |
_aBarcelona, Esp. : _bTusquets, _c1991. |
||
| 300 | _a217 p. | ||
| 440 | 0 |
_aAndanzas ; _v139 |
|
| 650 | 4 |
_aLiteratura estadounidense _95229 |
|
| 650 | 4 |
_aNovela estadounidense _94462 |
|
| 905 | _aLibro | ||
| 999 |
_c181347 _d181347 |
||